Quizzes
Events
Quiz Creation
Community
Videos
Private Events
Remove Ads
Sign In
Join for FREE
Feedback
Dark Mode
Quiz Categories
Sports
Geography
Music
Movies
Television
Just For Fun
Miscellaneous
History
Literature
Language
Science
Gaming
Entertainment
Religion
Holiday
For Kids
Quiz Lab
Recent
Popular Today
Quiz Kudos Today
Editor Picks
Curator Picks
Quizzes by...
Day
Popularity
Type
Ratings
Length
Year
Community
Subscriptions
Recent Discussions
Orange Saloon
Badges
Playlists
Quests
Create
Leaderboards
Showdown
Live 5
Trivia Bingo
Activity
Puzzle Library
Sporcle Events
Private Events
Virtual Trivia
Globe League
Become a Host
Pub Owners
SporcleCon
Opinionation
Our Games
Videos
Blog
Mobile Apps
Partnerships
Remove Ads and Go Orange
Feedback
Music
Pop Music
The Beatles
Song
Album
Lyrics
Bands
Singers
Artist
Clip
Rock
Rap
Classical
Billboard
Country Music
Kpop
Taylor Swift
Music
Pop Music
The Beatles
Song
Album
Lyrics
Bands
Singers
Artist
Clip
Rock
Rap
Classical
Billboard
Country Music
Kpop
Taylor Swift
Random Quiz
Search Sporcle
×
Quiz Lab
Quiz Lab
Music
Jazz
Type in answers that appear in a list
Type in answers that appear in a list
Classic
Best Score? Go Orange.
Jazz All-Stars 1936-1949 Stats
Can you name the Downbeat Magazine jazz all-stars?
By
andymayers
8m
166 Questions
51 Plays
51 Plays
51 Plays
Comments
Comments
Give Quiz Kudos
Give Quiz Kudos
-
- Ratings
hide this ad
More Info
Replay
Link that replays current quiz
Next Quiz
Link to next quiz in quiz playlist
You Got
0%
They Got
Avg Score
21%
Avg Friend Score
Upgrade to see
Score Distribution
Jump to the score distribution portion of the page
Score
0/166
Timer
08:00
0
Plays Today
Year
Musician
% Correct
1936
Benny Goodman
86.3%
1937
Benny Goodman
86.3%
1938
Benny Goodman
86.3%
1939
Benny Goodman
86.3%
1937
Ella Fitzgerald
70.6%
1938
Ella Fitzgerald
70.6%
1939
Ella Fitzgerald
70.6%
1941
Frank Sinatra
62.7%
1942
Frank Sinatra
62.7%
1943
Frank Sinatra
62.7%
1946
Frank Sinatra
62.7%
1947
Frank Sinatra
62.7%
1944
Lester Young
58.8%
1936
Gene Krupa
54.9%
1937
Gene Krupa
54.9%
1938
Gene Krupa
54.9%
1939
Gene Krupa
54.9%
1940
Eddie Miller
54.9%
1943
Gene Krupa
54.9%
1939
Coleman Hawkins
52.9%
1936
Tommy Dorsey
47.1%
1937
Jimmy Dorsey
47.1%
1937
Tommy Dorsey
47.1%
1938
Jimmy Dorsey
47.1%
1938
Tommy Dorsey
47.1%
1939
Jimmy Dorsey
47.1%
1939
Tommy Dorsey
47.1%
1940
Johnny Hodges
47.1%
1941
Johnny Hodges
47.1%
1942
Johnny Hodges
47.1%
1943
Johnny Hodges
47.1%
1944
Johnny Hodges
47.1%
1945
Johnny Hodges
47.1%
1946
Johnny Hodges
47.1%
1947
Johnny Hodges
47.1%
1948
Johnny Hodges
47.1%
1949
Johnny Hodges
47.1%
1939
Charlie Christian
45.1%
1941
Charlie Christian
45.1%
1941
Buddy Rich
41.2%
1942
Buddy Rich
41.2%
1944
Buddy Rich
41.2%
1939
Bing Crosby
33.3%
1940
Bing Crosby
33.3%
1944
Bing Crosby
33.3%
1945
Bing Crosby
33.3%
1947
Sarah Vaughan
33.3%
1948
Sarah Vaughan
33.3%
1949
Sarah Vaughan
33.3%
1937
Teddy Wilson
29.4%
1936
Gene Wilson
27.5%
1937
Harry James
27.5%
1938
Harry James
27.5%
1939
Harry James
27.5%
1942
Roy Eldridge
25.5%
1946
Roy Eldridge
25.5%
Year
Musician
% Correct
1943
Mel Powell
23.5%
1944
Harry Carney
23.5%
1944
Mel Powell
23.5%
1945
Harry Carney
23.5%
1945
Mel Powell
23.5%
1946
Harry Carney
23.5%
1946
Mel Powell
23.5%
1947
Harry Carney
23.5%
1947
Mel Powell
23.5%
1948
Harry Carney
23.5%
1949
Oscar Peterson
23.5%
1945
Chubby Jackson
21.6%
1944
Anita O'Day
19.6%
1945
Anita O'Day
19.6%
1946
Peggy O'Day
19.6%
1946
Buddy Stewart
19.6%
1947
Buddy Stewart
19.6%
1936
Eddie Lang
11.8%
1945
Bill Harris
11.8%
1946
Bill Harris
11.8%
1947
Bill Harris
11.8%
1948
Bill Harris
11.8%
1949
Bill Harris
11.8%
1936
Bix Beiderbecke
9.8%
1937
Chu Berry
9.8%
1941
Tex Beneke
9.8%
1942
Tex Beneke
9.8%
1948
Flip Phillips
9.8%
1948
Billy Eckstine
9.8%
1949
Flip Phillips
9.8%
1949
Billy Eckstine
9.8%
1942
Pee Wee Russell
7.8%
1943
Pee Wee Russell
7.8%
1944
Pee Wee Russell
7.8%
1945
Oscar Moore
7.8%
1946
Oscar Moore
7.8%
1947
Oscar Moore
7.8%
1948
Oscar Moore
7.8%
1936
Pops Foster
5.9%
1937
Bob Haggart
5.9%
1938
Bob Haggart
5.9%
1939
Bob Haggart
5.9%
1940
Ziggy Elman
5.9%
1940
Bob Haggart
5.9%
1941
Ziggy Elman
5.9%
1941
J.C. Higginbotham
5.9%
1941
Bob Haggart
5.9%
1942
J.C. Higginbotham
5.9%
1942
Bob Haggart
5.9%
1943
Ziggy Elman
5.9%
1943
J.C. Higginbotham
5.9%
1944
Ziggy Elman
5.9%
1944
J.C. Higginbotham
5.9%
1944
Bob Haggart
5.9%
1944
Dinah Shore
5.9%
1945
Ziggy Elman
5.9%
Year
Musician
% Correct
1945
Stuart Foster
5.9%
1947
Ziggy Elman
5.9%
1947
June Christy
5.9%
1948
Charlie Shavers
5.9%
1948
Erroll Garner
5.9%
1948
Al Hibbler
5.9%
1948
June Christy
5.9%
1949
Serge Chaloff
5.9%
1949
Al Hibbler
5.9%
1938
Benny Heller
3.9%
1938
Bob Zurke
3.9%
1939
Jess Stacy
3.9%
1940
Benny Heller
3.9%
1940
Bob Zurke
3.9%
1941
Jess Stacy
3.9%
1942
Eddie Condon
3.9%
1942
Jess Stacy
3.9%
1943
Eddie Condon
3.9%
1945
Buddy DeFranco
3.9%
1946
Buddy DeFranco
3.9%
1947
Buddy DeFranco
3.9%
1948
Buddy DeFranco
3.9%
1949
Howard McGhee
3.9%
1949
Buddy DeFranco
3.9%
1937
Carmen Mastren
2%
1938
Bud Freeman
2%
1943
Vido Musso
2%
1943
Artie Bernstein
2%
1943
Jo Stafford
2%
1944
Allan Reuss
2%
1944
Bob Eberly
2%
1945
David Tough
2%
1945
Jo Stafford
2%
1946
Vido Musso
2%
1946
David Tough
2%
1946
Eddie Safranski
2%
1946
June Christie
2%
1947
Vido Musso
2%
1947
Shelly Manne
2%
1947
Eddie Safranski
2%
1948
Shelly Manne
2%
1948
Eddie Safranski
2%
1949
Shelly Manne
2%
1949
Eddie Safranski
2%
1949
Billy Bauer
2%
1949
Mary Ann McCall
2%
1940
Jack Jenney
0%
1940
Irving Fazola
0%
1940
Ray Bauduc
0%
1940
Helen O'Connell
0%
1941
Irving Fazola
0%
1941
Helen O'Connell
0%
1942
Helen Forrest
0%
1945
Charlie Ventura
0%
Quiz Playlist
Details
Report
Send in Message
Add To Playlist
More Info:
Name the winners of Downbeat Magazine's annual readers poll from 1936 through 1949. Hint: they liked big bands and were slow to take to bebop.
Classic:
Type in answers that appear in a list
Quiz Source
Last Updated: Feb 16, 2017
Quiz Scoreboard
CHALLENGE
Sign Up to Join the Scoreboard
Show All
Scores
Hide
Comments
May contain spoilers
Recently Published
College Basketball Coaching Resumes
by pancakes188
Sports
9m
Billboard Blitz: Fleetwood Mac
by CooCooCachoo
Music
15s
Presidents Visiting Landmarks
by Hejman
History
7m
More to Explore
Quiz From the Vault
Featured Blog Post
Where Did the Easter Bunny Come From?
hide this ad
You Might Also Like...
Tags
Jazz
Musician
Today's Top Quizzes in Music
Browse Music
hide this ad
Today's Top Quizzes in Jazz
Browse Jazz
Top Contributed Quizzes in Music
1
Taylor Swift All Songs (2024)
2
Guess the Artist- 70s Songs
3
7-to-1: Billboard Hot 100 #1 Hits of 2010s
4
Sorting Albums and Songs
5
Taylor Swift Logic Puzzle
6
KPOP LOGIC QUIZ
7
One Thing in Common: Music
8
Guess the Taylor Swift song (Mystery Song)
9
2010s Album by Cover III
10
Guess The Taylor Swift Lyrics Song #1
Explore More
Trending Topics
Crossword
Marvel
Disney
Kpop
Anime
NBA
Harry Potter
Puzzle
Country
Song
The Office
NFL
Pokémon
Soccer
WWE
hide this ad
More By:
andymayers
Quiz
Plays
Rating
Category
Featured
Created
NBA: Largest Share of Franchise Points
72,682
4.85
Sports
Jan 23, 2017
NBA: Most Points by Age of Debut
21,322
4.48
Sports
Jun 22, 2017
NBA: Rosters with the Most Career Points
15,292
4.75
Sports
Jun 27, 2017
NBA: Led League in Multiple Categories
12,858
4.71
Sports
Dec 30, 2017
NBA: Eastern Conference Awards
12,480
4.94
Sports
May 5, 2017
Go to Creator's Profile
Score Distribution
Quiz Creator Spotlight
andymayers
Follow
Send a Message
Quizzes Created
-
Created Quiz Play Count
-
More By This Creator
Popular Quizzes Today
1
Find the US States - No Outlines Minefield
2
Find the Countries of Europe - No Outlines Minefield
3
The Countries of the World
4
Find the US States
5
Risky Map Clicking: Biggest States A-Z
6
US States
7
Popular People in 1961
8
Movies - When Are They Set?
More Music Quizzes
SHINee members (Picture Click)
Quiz Lab
Trending Quizzes
Risky Map Clicking: Least Populous States A-Z
1-10 Letter G Words
1-10 Letter F Words
Risky Map Clicking: Next State Alphabetically
Click the Washington State Counties! (Map)
Recently Updated
Leaping Animals
pecheneg
Reality TV Shows (A-Z)
bhenderson79
Rickey Henderson's Hall of Fame Teammates
pecheneg
Champions League XIs: Arsenal
pecheneg
Quick Pick: Celebrities in WWE's Hall of Fame
aduchscher
A-Z Keypad Blitz II
pecheneg
Multiple Oscar Actors
pecheneg
Mystery Phrase Blitz: Oscar 'Best Actors'
pecheneg
F. Scott Fitzgerald Novels
LTH
Pick 3 Villains
ddd62291
Trending Topics
Disney
Crossword
Kpop
Anime
Marvel
Harry Potter
NBA
Soccer
Puzzle
Country
Pokémon
NFL
Song
WWE
The Office
Your Account Isn't Verified!
In order to create a playlist on Sporcle, you need to verify the email address you used during registration. Go to your
Sporcle Settings
to finish the process.
Report this User
Report this user for behavior that violates our
Community Guidelines
.
Details:
Send Report
Go to the Sporcle.com Mobile Site →
Comments